00926nam a2200229 a 450000100100000000500170001000800410002702000150006804000250008310000330010824000620014124501160020326000350031930000230035449000300037750000340040750000620044170000330050383000370053695201060057399900170067900003055120200930062356.0110303 1996 sp 000 0 spa d a8472239624 aDO-SdBNPbspacBNPHU1 aJamison, Kay Redfield95716710aAn unquiet mind. A memoir of moods and madnesslEspañol14aUna mente inquieta :btestimonio sobre afectos y locura /cKay Redfield Jamison ; traducción Alfred A. Knopf. aBarcelona :bTusQuets ,c1996. a222 p. : ;c21 cm.1 aColección andanzasv267 aTraducido del idioma inglés aBreve biografía de la autora en la solapa de la portada1 aKnopf, Alfred A.etr.911613 0aColección andanzasn267957168 0010507-18MOaGRbGRcOId2011-05-23iLF1l0o p30551-10r2020-06-25w2020-06-25y1ZNo se presta c30043d30043